01559nam a2200169 i 450000100060000000300090000600500170001500700030003200800410003510000430007624500920011926000590021130000210027050510530029170000190134485200260136394989ES-MaACL20250823063047.0t|050519m1906 sp ||||1| spa d0 aLuis de Granada, c(O.P.), d1504-158810aObras de Fray Luis de Granada / cedición crítica y completas por Fr. Justo Cuervo. aMadrid : bVda. e Hija de Gómez Fuentenebro, c1906- a14 v. ; c26 cm.8 aContiene: I. Guía de Pecadores -- II. Libro de la Oración y meditación -- III. Memorial de la Vida Cristiana -- IV. Adiciones al Memorial de la Vida Cristiana -- V-IX. Introducción del Simbolo de la Fé -- X. Guía de Pecadores (texto primitivo).- Tratado de la Oración y Meditación (Compendio) -- XI. Manual de Oraciones.- Manual de oraciones (ampliado).- Memorial de lo que debe hacer el cristiano.- Tratado de algunas oraciones.- Vita Christi.- Tratado de Meditación.- Recopilación del Libro de la Oración -- XII. Imitación de Cristo.- Escala Espiritual.- Oraciones y ejercicios espirituales -- XIII. Compendio de Doctrina Cristiana (trad. del P. Cuervo) -- XIV. Doctrina Espiritual.- Diálogo de la Encarnación.- Sermón de la Redención. Vida del B. Juan de Avila.- Vida del V.D. Fr. Bartolomé de los Martires. Vida del Cardenal D. Enrique, rey de Portugal.- Vida de Sor Ana de la Concepcion, franciscana.- Vida de Doña Elvira de Mendoza.- Vida de Melicia Hernández.- Cartas.- Sermón en las caidas públicas1 aCuervo, Justo. aES-MaACLjG-3994-4007